Yearbook commercial arbitration / (Record no. 65902)
[ view plain ]
| 000 -LEADER | |
|---|---|
| fixed length control field | 01397cam a2200385 i 4500 |
| 003 - CONTROL NUMBER IDENTIFIER | |
| control field | EG-GICUC |
| 005 - DATE AND TIME OF LATEST TRANSACTION | |
| control field | 20260309114340.0 |
| 008 - FIXED-LENGTH DATA ELEMENTS--GENERAL INFORMATION | |
| fixed length control field | 770215c2007 ne ar fr bg 0 0eng d |
| 040 ## - CATALOGING SOURCE | |
| Original cataloging agency | EG-GICUC |
| Language of cataloging | eng |
| Transcribing agency | EG-GICUC |
| Modifying agency | EG-GICUC |
| Description conventions | rda |
| 050 00 - LIBRARY OF CONGRESS CALL NUMBER | |
| Classification number | K2400.A53 |
| Item number | Y4 |
| 082 04 - DEWEY DECIMAL CLASSIFICATION NUMBER | |
| Classification number | 347.224 |
| Edition number | 21 |
| 092 04 - LOCALLY ASSIGNED DEWEY CALL NUMBER (OCLC) | |
| Edition number | 21 |
| 099 ## - LOCAL FREE-TEXT CALL NUMBER (OCLC) | |
| Classification number | Law 12 2007 |
| 222 #0 - KEY TITLE | |
| Key title | Yearbook commercial arbitration |
| 245 00 - TITLE STATEMENT | |
| Title | Yearbook commercial arbitration / |
| Statement of responsibility, etc. | general editor Albert Jan Van Den Berg. |
| Number of part/section of a work | Volume xxxii-2007 |
| 246 30 - VARYING FORM OF TITLE | |
| Title proper/short title | Commercial arbitration |
| 264 ## - PRODUCTION, PUBLICATION, DISTRIBUTION, MANUFACTURE, AND COPYRIGHT NOTICE | |
| Place of production, publication, distribution, manufacture | The Netherlands : |
| Name of producer, publisher, distributor, manufacturer | Kluwer International, |
| Date of production, publication, distribution, manufacture, or copyright notice | 2007. |
| 300 ## - PHYSICAL DESCRIPTION | |
| Extent | volumes |
| Dimensions | 24 cm |
| Other physical details | illustrations, |
| 310 ## - CURRENT PUBLICATION FREQUENCY | |
| Current publication frequency | Annual |
| 336 ## - CONTENT TYPE | |
| Content type term | text |
| Content type code | txt |
| Source | rdacontent |
| 337 ## - MEDIA TYPE | |
| Media type term | unmediated |
| Media type code | n |
| Source | rdamedia |
| 338 ## - CARRIER TYPE | |
| Carrier type term | volume |
| Carrier type code | nc |
| Source | rdacarrier |
| 362 0# - DATES OF PUBLICATION AND/OR SEQUENTIAL DESIGNATION | |
| Dates of publication and/or sequential designation | v. 1- 1976- |
| 500 ## - GENERAL NOTE | |
| General note | At head of title: International Council for Commercial Arbitration. |
| 504 ## - BIBLIOGRAPHY, ETC. NOTE | |
| Bibliography, etc. note | Bibliography: pages 200-250. |
| 590 ## - LOCAL NOTE (RLIN) | |
| Local note | |
| 650 #0 - SUBJECT ADDED ENTRY--TOPICAL TERM | |
| Topical term or geographic name entry element | Arbitration ( International law ) |
| Form subdivision | yearbooks |
| Source of heading or term | qrmak |
| 650 #6 - SUBJECT ADDED ENTRY--TOPICAL TERM | |
| Topical term or geographic name entry element | commercial arbitration. |
| Form subdivision | yearbooks |
| Source of heading or term | qrmak |
| 651 1# - SUBJECT ADDED ENTRY--GEOGRAPHIC NAME | |
| Source of heading or term | qrmak |
| 655 #7 - INDEX TERM--GENRE/FORM | |
| Genre/form data or focus term | Yearbooks |
| 710 2# - ADDED ENTRY--CORPORATE NAME | |
| Corporate name or jurisdiction name as entry element | International Council for Commercial Arbitration. |
| Real World Object URI | https://id.oclc.org/worldcat/entity/E39QQPVp7YppvRQ66jkHt9g36g |
| 856 40 - ELECTRONIC LOCATION AND ACCESS | |
| Uniform Resource Identifier | <a href="https://fll.law.cu.edu.eg/fulltext/bks/ENGB12-00078.pdf">https://fll.law.cu.edu.eg/fulltext/bks/ENGB12-00078.pdf</a> |
| 905 ## - Cataloger and Reviser Names | |
| Cataloger Name: | Hend El khosy |
| 942 ## - ADDED ENTRY ELEMENTS (KOHA) | |
| Source of classification or shelving scheme | Dewey Decimal Classification |
| Koha item type | Books |
| Edition | 21 |
| Suppress in OPAC | No |
| Withdrawn status | Lost status | Source of classification or shelving scheme | Damaged status | Not for loan | Collection | Home library | Current library | Date acquired | Total checkouts | Full call number | Barcode | Date last seen | Copy number | Price effective from | Koha item type | Public note |
|---|---|---|---|---|---|---|---|---|---|---|---|---|---|---|---|---|
| Dewey Decimal Classification | القانون الدولي الخاص | جــــامعة القــاهرة | مكتبة كلية الحقوق - فـرع الشيخ زايد | 09.03.2026 | Law2 12 347.224 YE 2007 1200078 C1 | ENGB12-00078 | 09.03.2026 | 1 | 09.03.2026 | Books | 1679 |